Imagination and education /

Bibliographic Details
Main Author: Kieran, Egan
Other Authors: Nadaner, Dan
Format: Book
Language:English
Published: New York : Teachers College, Columbia University, [1988]
Subjects:

MARC

Tag First Indicator Second Indicator Subfields
LEADER 00000cam a22000008a 4500
001 in00000008731
005 20151003090013.0
008 870722s1988 nyua b 00110 eng
010 |a  87019147  
020 |a 0807728780 :  |c $31.95 
020 |a 0807728772 (pbk.) :  |c $17.95 
035 |a (OCoLC)16406969 
035 |9 AAA1133AM 
040 |a DLC  |c DLC  |d TXA  |d UtOrBLW 
050 0 0 |a LB1062  |b .K44 1988 
082 0 |a 370.15/7  |2 19 
100 1 |a Kieran, Egan. 
245 1 0 |a Imagination and education /  |c Kieran Egan, Dan Nadaner, editors. 
264 1 |a New York :  |b Teachers College, Columbia University,  |c [1988] 
264 4 |c ©1988 
300 |a xv, 268 pages :  |b illustrations 
336 |a text  |b txt  |2 rdacontent 
337 |a unmediated  |b n  |2 rdamedia 
338 |a volume  |b nc  |2 rdacarrier 
504 |a Includes bibliographies and index. 
650 0 |a Imagination. 
650 0 |a Creative thinking. 
650 0 |a Education  |x Aims and objectives. 
700 1 |a Nadaner, Dan. 
999 |a MARS 
999 f f |s 7522340c-1dba-3dea-a1d7-8dc1a5801dc8  |i 930034d2-297b-3187-ba34-9b2a98cc7a40  |t 0 
952 f f |p normal  |a Texas A&M University  |b College Station  |c Sterling C. Evans Library  |d Evans: Library Stacks  |t 0  |e LB1062 .K44 1988  |h Library of Congress classification  |i unmediated -- volume  |m A14812564871 
998 f f |a LB1062 .K44 1988  |t 0  |l Evans: Library Stacks